[Event "European Rapid 2011"]
[Site "Warsaw POL"]
[Date "2011.12.17"]
[Round "8"]
[White "Jaracz,P"]
[Black "Bologan,V"]
[Result "1-0"]
[WhiteElo "2542"]
[BlackElo "2665"]

1.e4 c6 2.c4 d5 3.exd5 cxd5 4.cxd5 Nf6 5.Nc3 Nxd5 6.Nf3 e6 7.d4 Bb4 8.Bd2 Nc6
9.Bd3 Be7 10.O-O Bf6 11.Nxd5 Qxd5 12.Bc3 O-O 13.Qc2 h6 14.Rad1 Qd6 15.a3 Bd7
16.Bh7+ Kh8 17.Be4 Rac8 18.Qe2 Rfd8 19.Ne5 Be8 20.Qh5 Qf8 21.Bb1 Rc7 22.Qh3 Ne7
23.Ng4 Nd5 24.Bd2 Kg8 25.Qd3 g6 26.Nxh6+ Kg7 27.Ng4 Qe7 28.Qh3 Bb5 29.Qh6+ Kg8
30.Nxf6+ Nxf6 31.Rfe1 Rxd4 32.Bg5 Rxd1 33.Rxd1 Rd7 34.Re1 Qd8 35.Bc2 Ng4
36.Qh4 Qa5 37.b4 Qc7 38.Bxg6 Qc3 39.Rb1 Qd4 40.Bh7+ Kg7 41.Bc2 Bd3 42.Rd1 Qe4
43.Rb1 Qd4 44.Rd1 Qe4  1-0

[Event "European Rapid 2011"]
[Site "Warsaw POL"]
[Date "2011.12.18"]
[Round "9"]
[White "Bologan,V"]
[Black "Reza,W"]
[Result "1-0"]
[WhiteElo "2665"]
[BlackElo "2073"]

1.e4 c5 2.Nf3 e6 3.d3 Nc6 4.g3 Nf6 5.Bg2 d6 6.O-O Be7 7.Re1 O-O 8.c3 Rb8
9.d4 cxd4 10.cxd4 d5 11.e5 Ne4 12.Nbd2 Nxd2 13.Bxd2 Bd7 14.h4 Qb6 15.Bc3 Na5
16.Bf1 Bb5 17.Qd2 Nc6 18.Bh3 Ba6 19.a3 Rfc8 20.Ng5 Nd8 21.Rac1 h6 22.Nf3 Qb5
23.Re3 Rc6 24.g4 Rbc8 25.Kh2 Kf8 26.g5 hxg5 27.Nxg5 Ke8 28.Rg1 Kd7 29.h5 Kc7
30.Nh7 g6 31.hxg6 fxg6 32.Rxg6 Kb8 33.Ng5 R6c7 34.Nxe6 Nxe6 35.Bxe6 Rh8+
36.Rh3 Bh4 37.Qf4 Rch7 38.Rg8+ Rxg8 39.Bxg8 Rh8 40.Qf8+ Kc7 41.Qd6+  1-0

[Event "European Rapid 2011"]
[Site "Warsaw POL"]
[Date "2011.12.18"]
[Round "12"]
[White "Mista,A"]
[Black "Bologan,V"]
[Result "1-0"]
[WhiteElo "2587"]
[BlackElo "2665"]

1.e4 c5 2.Nf3 e6 3.d4 cxd4 4.Nxd4 a6 5.Be2 Nf6 6.Nc3 d6 7.f4 Nbd7 8.g4 Nc5
9.Bf3 e5 10.Nf5 g6 11.Ng3 exf4 12.Bxf4 Ne6 13.Be3 Nd7 14.Nd5 Bg7 15.c3 b5
16.O-O O-O 17.Qd2 Ne5 18.Be2 Bb7 19.g5 Bxd5 20.exd5 Nc5 21.Bxc5 dxc5 22.Ne4 Nd7
23.Bg4 Ne5 24.Bh3 Nc4 25.Qf4 Be5 26.Qh4 h5 27.Nf6+ Kg7 28.Rae1 Qd6 29.Re2 Nb6
30.Qe4 Bxf6 31.gxf6+ Kh6 32.Qe3+ Kh7 33.Rf5 Rg8 34.Rg2 Qf8 35.Rfg5 Re8 36.Qf3 Qh6
37.Be6 Rgf8 38.Bf5 Kh8 39.h4 Nc4 40.Bxg6 fxg6 41.Rxg6 Qh7 42.Rg7 Qb1+ 43.Kh2 Re5
44.Qf4  1-0

[Event "Gibraltar Open"]
[Site "Caleta ENG"]
[Date "2012.01.27"]
[Round "4.19"]
[White "Bologan,V"]
[Black "Krush,I"]
[Result "1-0"]
[WhiteElo "2680"]
[BlackElo "2467"]

1.e4 c6 2.d4 d5 3.e5 Bf5 4.Nf3 e6 5.Be2 c5 6.Be3 cxd4 7.Nxd4 Ne7 8.Nd2 Nbc6
9.N2f3 Be4 10.O-O Qd7 11.Rc1 Rd8 12.c3 Bxf3 13.Nxf3 Ng6 14.Qb3 Ngxe5 15.Nxe5 Nxe5
16.Bxa7 Bd6 17.Bb5 Nc6 18.c4 d4 19.f4 O-O 20.Rcd1 e5 21.fxe5 Bxe5 22.Bc5 Rfe8
23.Bb6 Bc7 24.c5 Re7 25.a4 Bxb6 26.cxb6 Qd6 27.Qa3 Re6 28.Qxd6 Rexd6 29.Bxc6 Rxc6
30.a5 g6 31.Rc1 Rxc1 32.Rxc1 d3 33.Kf2 d2 34.Rd1 Rd5 35.b4 Rb5 36.Rxd2 Rxb4
37.Rd7 Rb5 38.Rxb7 Rxa5 39.Rc7 Rb5 40.b7 Kg7 41.Ke3 g5 42.Kd4 Kg6 43.Kc4 Rb2
44.Kc5  1-0

[Event "Gibraltar Open"]
[Site "Caleta ENG"]
[Date "2012.01.28"]
[Round "5.13"]
[White "Bologan,V"]
[Black "Dvirnyy,D"]
[Result "1-0"]
[WhiteElo "2680"]
[BlackElo "2492"]

1.e4 e6 2.d3 d5 3.Qe2 Nf6 4.Nf3 c5 5.g3 Nc6 6.Bg2 Be7 7.O-O b6 8.e5 Nd7 9.c4 d4
10.h4 h6 11.h5 Qc7 12.Bf4 Bb7 13.Nbd2 O-O-O 14.Rfe1 Rdg8 15.Ne4 g5 16.hxg6 Rxg6
17.a3 h5 18.b4 Rhg8 19.Nd6+ Bxd6 20.exd6 Qd8 21.b5 Na5 22.Ne5 Nxe5 23.Qxe5 Bxg2
24.Kxg2 h4 25.Qe4 Kd7 26.Rh1 Rg4 27.Rh3 Qf6 28.Kf3 Qh8 29.Rah1 f5 30.Qe5 Rxf4+
31.Qxf4 Rg4 32.Qc1 Qa8+ 33.Ke2 Nb3 34.Qc2 hxg3 35.f3 Rg5 36.Qxb3 f4 37.Qd1  1-0

[Event "Gibraltar Open"]
[Site "Caleta ENG"]
[Date "2012.01.29"]
[Round "6.7"]
[White "David,Alb"]
[Black "Bologan,V"]
[Result "1/2-1/2"]
[WhiteElo "2598"]
[BlackElo "2680"]

1.d4 d5 2.c4 c6 3.Nc3 Nf6 4.e3 a6 5.Nf3 Bf5 6.Qb3 b5 7.c5 a5 8.Ne5 a4 9.Qd1 g6
10.g4 Be6 11.Bg2 Bg7 12.f4 Qc8 13.h3 h5 14.g5 Ne4 15.Nxe4 dxe4 16.Qc2 Bxe5
17.fxe5 Bf5 18.h4 Qe6 19.Bxe4 Bxe4 20.Qxe4 Nd7 21.Rf1 O-O 22.Bd2 Kh7 23.Rf4 Rae8
24.Ke2 b4 25.Kf2 Rb8 26.Kg1 Kg7 27.Be1 Rb7 28.Bg3 Nb8 29.Qd3 Qd7 30.Raf1 e6
31.Qc4 Rb5 32.R4f3 Qd5 33.Qxd5 cxd5 34.Rc1 Nc6 35.Be1 Na5 36.Rf2 Rfb8 37.Re2 Kf8
38.Kf2 Ke7 39.Kf3 Kd7 40.Rf2 Kc6 41.Ke2 R5b7 42.Kd3  1/2-1/2

[Event "Gibraltar Open"]
[Site "Caleta ENG"]
[Date "2012.01.30"]
[Round "7.9"]
[White "El Debs,F"]
[Black "Bologan,V"]
[Result "1/2-1/2"]
[WhiteElo "2497"]
[BlackElo "2680"]

1.Nf3 c5 2.c4 Nc6 3.Nc3 g6 4.e3 Nf6 5.d4 cxd4 6.exd4 d5 7.cxd5 Nxd5 8.Qb3 Nxc3
9.Bc4 Nd5 10.Bxd5 e6 11.Bxc6+ bxc6 12.O-O Qd5 13.Qxd5 cxd5 14.Bf4 f6 15.Rfc1 g5
16.Bg3 h5 17.h4 gxh4 18.Bxh4 Be7 19.Rc3 Rg8 20.Rac1 Bd7 21.Rc7 Bd8 22.Rb7 Rg7
23.Bg3 Rf7 24.Nd2 Bb6 25.Nb3 Bb5 26.Rxf7 Kxf7 27.Nc5 a5 28.a4 Be8 29.b3 Rc8
30.f3 e5 31.Bf2 Ke7 32.Kf1 Bg6 33.Ke2 Bxc5 34.dxe5 Bxf2 35.Rxc8 Bd4 36.exf6+ Kxf6
37.b4 axb4 38.Rb8 Bc3 39.a5 d4 40.Rb6+ Kg7 41.Rb7+ Kh6 42.a6 d3+ 43.Ke3 Bd4+
44.Kd2 Bc3+ 45.Ke3 Bd4+ 46.Kd2 Bc3+  1/2-1/2

[Event "Gibraltar Open"]
[Site "Caleta ENG"]
[Date "2012.01.31"]
[Round "8.10"]
[White "Bologan,V"]
[Black "Koneru,H"]
[Result "1-0"]
[WhiteElo "2680"]
[BlackElo "2589"]

1.e4 e5 2.Bc4 Nf6 3.d3 c6 4.Nf3 d5 5.Bb3 Bb4+ 6.c3 Bd6 7.Bg5 dxe4 8.dxe4 h6
9.Bh4 Qe7 10.Nbd2 Bc7 11.a4 Nbd7 12.a5 O-O 13.Bc2 Rd8 14.Bg3 Nh5 15.Qe2 Ndf6
16.Nc4 Bg4 17.Ne3 Nf4 18.Bxf4 exf4 19.Nxg4 Nxg4 20.O-O Ne5 21.a6 Nxf3+ 22.Qxf3 bxa6
23.Rxa6 Rd2 24.Ba4 Bb6 25.Bxc6 Rc8 26.Bd5 Rxb2 27.c4 Qe5 28.g3 fxg3 29.hxg3 Rc7
30.Kg2 Re7 31.Qf4 Qxf4 32.gxf4 Rc7 33.f5 Kf8 34.Kg3 Ke7 35.e5 Re2 36.f4 Re3+
37.Kg4 Rc3 38.Rb1 Rc2 39.Rbxb6 axb6 40.Rxb6 R2xc4 41.Bxc4 Rxc4 42.Rb7+ Kf8
43.Rb8+ Ke7 44.Rg8 h5+ 45.Kf3 Rc3+ 46.Ke4 Rc4+ 47.Ke3 Rc6 48.Rxg7 Rh6 49.f6+ Kf8
50.Rg3 h4 51.Rh3 Ke8 52.f5 Kd7 53.Kf4 Rh8 54.Kg5 Re8 55.e6+ fxe6 56.Rd3+  1-0

[Event "Gibraltar Open"]
[Site "Caleta ENG"]
[Date "2012.02.01"]
[Round "9.7"]
[White "Gopal,G"]
[Black "Bologan,V"]
[Result "0-1"]
[WhiteElo "2566"]
[BlackElo "2680"]

1.e4 c6 2.d4 d5 3.e5 Bf5 4.Nf3 e6 5.Be2 Ne7 6.O-O h6 7.Nbd2 Bg6 8.Nb3 Nd7
9.a4 Nf5 10.a5 a6 11.Bd2 Be7 12.g4 Nh4 13.Nxh4 Bxh4 14.f4 Be4 15.Bf3 Bh7
16.f5 O-O 17.Bg2 Re8 18.Kh1 f6 19.Bc3 fxe5 20.fxe6 Rxe6 21.dxe5 Nxe5 22.Nc5 Re8
23.Qd4 Qc7 24.Qf4 Bxc2 25.Nxb7 Bd3 26.Nc5 Bxf1 27.Rxf1 Qe7 28.b4 Nd7 29.Nxd7 Qxd7
30.Qd4 Rf8 31.Rc1 Bg5 32.Bd2 Bxd2 33.Qxd2 Rad8 34.g5 hxg5 35.Qxg5 Rf6 36.Rg1 Qe7
37.b5 axb5 38.a6 Rd7 39.Qh4 Rf1 40.Qg3 Rxg1+ 41.Kxg1 Qc5+  0-1

[Event "Gibraltar Open"]
[Site "Caleta ENG"]
[Date "2012.02.02"]
[Round "10.2"]
[White "Bologan,V"]
[Black "Adams,Mi"]
[Result "1/2-1/2"]
[WhiteElo "2680"]
[BlackElo "2724"]

1.e4 e5 2.Nf3 Nc6 3.Bb5 a6 4.Ba4 Nf6 5.O-O Be7 6.d3 b5 7.Bb3 d6 8.a4 Bd7
9.c3 O-O 10.Bc2 b4 11.Re1 bxc3 12.bxc3 d5 13.Nbd2 Re8 14.a5 h6 15.h3 Bd6
16.exd5 Nxd5 17.Ne4 Nf6 18.Ng3 Rb8 19.Nd2 Nd5 20.Nde4 Bf8 21.Bb3 Be6 22.Ba4 Bd7
23.Qf3 Re6 24.Ng5 hxg5 25.Qxd5 Be7 26.Ne4 Rg6 27.Ba3 Bxa3 28.Rxa3 Qe7 29.Raa1 Rd8
30.Qc5 Kf8 31.g4 Be8 32.Re3 Nb8 33.Bxe8 Rxe8 34.Rb1 Nc6 35.Rb7 Rc8 36.Qxe7+ Kxe7
37.Nc5 Nxa5 38.Ra7 Nc6 39.Rxa6 Rb8 40.d4 Rb6 41.Rxb6 cxb6 42.Nd3 Rh6 43.d5 Nd8
44.Rxe5+ Kd7 45.Kg2 f6 46.Re1 Nb7 47.c4 Na5 48.c5 bxc5 49.Nxc5+ Kd6 50.Ne6 Rh7
51.f4 gxf4 52.Nxf4 Nc4 53.Re6+ Kc5 54.Rc6+ Kd4 55.Rc7 Nd6 56.Rd7 Ke5 57.Kf3 Nc4
58.Ng6+ Kd4 59.Kg3 Nb6 60.Rd8 Rh6 61.Ne7 Rh7 62.d6 g5 63.Rb8 Kc5 64.Rb7 Rh8
65.Nf5 Rd8 66.Re7 Nd7 67.Kf3 Kd5 68.Kg3 Ne5 69.Ra7 Nc4 70.d7 Ne5 71.Ra6 Nc6
72.Ra1 Rxd7 73.Rd1+  1/2-1/2

[Event "Chebanenko Memorial KO"]
[Site "Chisinau MDA"]
[Date "2012.02.19"]
[Round "1.1"]
[White "Bologan,V"]
[Black "Ogleznev,A"]
[Result "0-1"]
[WhiteElo "2680"]
[BlackElo "2320"]

1.e4 c5 2.Nf3 e6 3.d3 Nc6 4.g3 g6 5.Bg2 Bg7 6.c3 Nge7 7.O-O O-O 8.Na3 d5
9.Re1 a6 10.e5 b5 11.Nc2 Nf5 12.Bf4 Bd7 13.Qd2 f6 14.exf6 Bxf6 15.h4 Qb6
16.Ne3 Nxe3 17.Bxe3 a5 18.Bh6 Bg7 19.h5 Rae8 20.hxg6 hxg6 21.Qg5 Kh7 22.Bxg7 Kxg7
23.Nh4 Rf6 24.Re2 Nd8 25.Rae1 Nf7 26.Qd2 Qd6 27.d4 c4 28.Nf3 Rf5 29.Re3 Rh8
30.a3 Qc7 31.Nh4 Rf6 32.Qc2 Qd6 33.Nf3 Rf5 34.Qd2 Bc8 35.Nh2 Rg5 36.f4 Rf5
37.Ng4 g5 38.fxg5 Nxg5 39.Ne5 Rh6 40.R3e2 Qd8 41.g4 Rf8 42.Nc6 Qf6 43.Qe3 Rhh8
44.Rf1 Qh6 45.Qe5+ Kh7 46.Ref2 Rxf2 47.Rxf2 Bd7 48.Nxa5 Qg6 49.Nb7 Nf7  0-1

[Event "Chebanenko Memorial KO"]
[Site "Chisinau MDA"]
[Date "2012.02.19"]
[Round "1.2"]
[White "Ogleznev,A"]
[Black "Bologan,V"]
[Result "1/2-1/2"]
[WhiteElo "2320"]
[BlackElo "2680"]

1.e4 c6 2.d4 d5 3.Nc3 dxe4 4.Nxe4 Bf5 5.Ng3 Bg6 6.Nf3 Nd7 7.h4 h6 8.h5 Bh7
9.Bd3 Bxd3 10.Qxd3 e6 11.Bd2 Ngf6 12.O-O-O Qc7 13.Ne4 O-O-O 14.g3 Be7 15.Kb1 c5
16.Bf4 Qc6 17.Nxf6 Bxf6 18.d5 exd5 19.Qxd5 Ne5 20.Qxc6+ Nxc6 21.c3 Rhe8 22.Rxd8+ Rxd8
23.Kc2 Kd7 24.Re1 b6 25.Nh2 Bg5 26.Bxg5 hxg5 27.g4 Rf8 28.Rd1+ Ke7 29.Re1+ Kd7
30.Rd1+  1/2-1/2

[Event "Chebanenko Memorial KO"]
[Site "Chisinau MDA"]
[Date "2012.02.19"]
[Round "2.1"]
[White "Sanduleac,V"]
[Black "Bologan,V"]
[Result "1-0"]
[WhiteElo "2423"]
[BlackElo "2680"]

1.e4 c6 2.d4 d5 3.Nd2 g6 4.c3 Bg7 5.Ngf3 dxe4 6.Nxe4 Bf5 7.Ng3 Be6 8.Be2 Nf6
9.O-O O-O 10.Re1 Qc7 11.Bf1 Bd5 12.Ne5 Nbd7 13.Bf4 Nxe5 14.Bxe5 Qb6 15.Qc2 Rac8
16.b4 Qd8 17.Rad1 a5 18.a3 axb4 19.axb4 b5 20.Ne2 Nd7 21.Bxg7 Kxg7 22.Nf4 Nb6
23.h4 Qd6 24.g3 Ra8 25.Ra1 h6 26.Qd2 Ra4 27.Nxd5 Nxd5 28.Rxa4 bxa4 29.Ra1 Ra8
30.Ra3 Nc7 31.Qe3 Nb5 32.Ra1 Qe6 33.Qf3 Qf6 34.Qe3 Qd6 35.h5 g5 36.Bg2 a3
37.Bf1 Nc7 38.Qc1 a2 39.Bc4 e5 40.dxe5 Qxe5 41.Qd2 Nd5 42.Rxa2 Rxa2 43.Bxa2 Nxc3
44.Bc4 Ne4 45.Qe3 Qa1+ 46.Kg2 Nd6 47.Be2 Qb2 48.Bf3 Qxb4 49.Qe5+ Kg8 50.Bxc6 Qb8
51.Qf6 Qf8 52.Bd5 Ne8 53.Qg6+ Ng7 54.Qxh6 Qd8 55.Be4 f5 56.Bc6 f4 57.Qg6 f3+
58.Bxf3  1-0

[Event "Chebanenko Memorial KO"]
[Site "Chisinau MDA"]
[Date "2012.02.19"]
[Round "2.3"]
[White "Bologan,V"]
[Black "Sanduleac,V"]
[Result "1-0"]
[WhiteElo "2680"]
[BlackElo "2423"]

1.e4 g6 2.d4 Bg7 3.c4 d6 4.Nc3 Nc6 5.Be3 e5 6.d5 Nd4 7.Nge2 Nxe2 8.Bxe2 Ne7
9.g4 b6 10.h4 h6 11.h5 g5 12.b4 a5 13.a3 O-O 14.f3 Kh7 15.Bd3 Ng8 16.O-O Nf6
17.Kg2 Bd7 18.Kg3 Re8 19.Qc2 Bf8 20.Ra2 Qc8 21.Be2 Kg7 22.Rfa1 Qb7 23.Rc1 axb4
24.axb4 Rxa2 25.Qxa2 Ra8 26.Qb2 Qa7 27.Kf2 Be7 28.Rc2 Bd8 29.Qb1 Be7 30.Ra2 Qb8
31.Rb2 Qa7 32.Qc2 Ne8 33.Bd3 Kf8 34.Ne2 Qa4 35.Qc1 Qa1 36.Qd2 Qa7 37.Nc1 Qb7
38.Be2 Qc8 39.Nd3 f6 40.Qc1 Qa6 41.Qc2 Qa4 42.Qd2 Qa6 43.Nc1 Qa7 44.Rc2 Qb7
45.Nd3 Qa7 46.Ne1 Qa4 47.Rb2 Qa7 48.Nc2 Qb8 49.Qc3 Qb7 50.Rb3 Bb5 51.c5  1-0

[Event "Chebanenko Memorial KO"]
[Site "Chisinau MDA"]
[Date "2012.02.19"]
[Round "3.2"]
[White "Bologan,V"]
[Black "Naiditsch,A"]
[Result "0-1"]
[WhiteElo "2680"]
[BlackElo "2702"]

1.e4 c5 2.Nf3 Nc6 3.Bb5 Nf6 4.Bxc6 dxc6 5.d3 Qc7 6.e5 Nd5 7.h3 Bf5 8.Nbd2 g5
9.Ne4 h6 10.Qe2 O-O-O 11.Bd2 Qb6 12.O-O-O Bg7 13.g4 Be6 14.Kb1 Rd7 15.Ng3 Rhd8
16.Nf5 Bxf5 17.gxf5 c4 18.dxc4 Nc3+ 19.Bxc3 Qxf2 20.Rxd7 Qxe2 21.Rxd8+ Kxd8
22.Nd4 Qh5 23.f6 exf6 24.e6 Bf8 25.Re1 c5 26.e7+ Bxe7 27.Nf5 Bf8 28.Bxf6+ Kd7
29.Ne3 Qxh3 30.Nd5 g4 31.a3 g3 32.Rd1 Bd6 33.Be5 g2 34.Nf4 Qh1  0-1

[Event "Chebanenko Memorial KO"]
[Site "Kishinev UKR"]
[Date "2012.02.19"]
[Round "2"]
[White "Bologan,V"]
[Black "Sanduleac,V"]
[Result "1-0"]
[WhiteElo "2680"]
[BlackElo "2423"]

1.e4 g6 2.d4 Bg7 3.Nf3 d6 4.c3 Nf6 5.Bd3 O-O 6.O-O c5 7.h3 cxd4 8.cxd4 Nc6
9.Nc3 Nd7 10.Be3 e5 11.Bc2 exd4 12.Nxd4 Nc5 13.Ndb5 Nb4 14.Bb1 b6 15.a3 Nc6
16.Re1 Be6 17.Bc2 a6 18.Nd4 Nxd4 19.Bxd4 Be5 20.Qd2 Rc8 21.f4 Bxd4+ 22.Qxd4 Qh4
23.Qe3 Rfe8 24.Rad1 d5 25.exd5 Bxh3 26.Qxe8+ Rxe8 27.Rxe8+ Kg7 28.gxh3 Qg3+
29.Kf1 Qxh3+ 30.Ke1 Qg3+ 31.Kd2 Qxf4+ 32.Re3 b5 33.Re1 Nb7 34.Kc1 Nd6 35.Bd3 h5
36.Kb1 h4 37.Ka1 Qd4 38.Bc2 a5 39.Bb3 b4 40.axb4 axb4 41.Ne4 Nf5 42.Rh3 Qe5
43.Kb1 Nd4 44.d6 Qf5 45.Rd3 Nf3 46.d7 Nxe1 47.d8=Q Nxd3 48.Qxd3 h3 49.Qd4+ Kh7
50.Bc2 b3 51.Nf6+  1-0

[Event "Chebanenko Memorial KO"]
[Site "Kishinev UKR"]
[Date "2012.02.19"]
[Round "3"]
[White "Naiditsch,A"]
[Black "Bologan,V"]
[Result "0-1"]
[WhiteElo "2702"]
[BlackElo "2680"]

1.e4 c6 2.d4 d5 3.e5 Bf5 4.Ne2 e6 5.Ng3 Bg6 6.h4 h5 7.Be2 c5 8.dxc5 Bxc5
9.Nd2 Nc6 10.Nb3 Bb6 11.Bxh5 Bxh5 12.Nxh5 Qc7 13.Bf4 g6 14.Ng3 Nxe5 15.Qd2 O-O-O
16.Nd4 Ne7 17.Nge2 a6 18.Rh3 Qd6 19.O-O-O f6 20.Bg3 Kd7 21.Nf4 Bxd4 22.Qxd4 Nf5
23.Qa7 Qc6 24.Nxd5 exd5 25.Bxe5 Ra8  0-1

[Event "13th EICC"]
[Site "Plovdiv BUL"]
[Date "2012.03.20"]
[Round "1.24"]
[White "Bologan,V"]
[Black "Hunt,A"]
[Result "1/2-1/2"]
[WhiteElo "2687"]
[BlackElo "2454"]

1.e4 e6 2.d4 d5 3.e5 c5 4.c3 Nc6 5.Nf3 Bd7 6.a3 f6 7.Bd3 Qc7 8.Bf4 O-O-O
9.b4 c4 10.Bc2 Be8 11.Nbd2 h6 12.h3 g5 13.Bh2 f5 14.Ng1 Nge7 15.f4 gxf4 16.Bxf4 Ng6
17.Ne2 Be7 18.O-O Bg5 19.Qe1 Qg7 20.Qg3 Nh4 21.Nf3 Nxf3+ 22.Qxf3 Ne7 23.Kh2 Ng6
24.Bc1 Rg8 25.g3 Bxc1 26.Raxc1 Qe7 27.Rg1 Bf7 28.Rcf1 Rg7 29.g4 Nh4 30.Qf4 fxg4
31.Rxg4 Rdg8 32.Ng3 Rxg4 33.hxg4 Bg6 34.Bxg6 Nxg6 35.Qf6 Qe8 36.Qf7 Qxf7
37.Rxf7 Rf8 38.Rg7 Nf4 39.b5 Nd3 40.Nh5 Rf2+ 41.Kg1 Rc2 42.Nf6 Rxc3 43.Ne8 Rxa3
44.Nd6+ Kd8 45.Rf7 c3 46.Nxb7+ Kc8 47.Nd6+ Kd8 48.Nb7+  1/2-1/2

[Event "13th EICC"]
[Site "Plovdiv BUL"]
[Date "2012.03.21"]
[Round "2.77"]
[White "Zaslavsky,M"]
[Black "Bologan,V"]
[Result "0-1"]
[WhiteElo "2450"]
[BlackElo "2687"]

1.e4 c5 2.Nf3 d6 3.d4 cxd4 4.Nxd4 Nf6 5.Nc3 a6 6.Bg5 Nbd7 7.Bc4 Qa5 8.Qd2 e6
9.Bb3 h6 10.Bh4 Be7 11.O-O-O Nc5 12.Rhe1 g5 13.Bg3 e5 14.Nde2 Nxb3+ 15.cxb3 b5
16.f3 Qb6 17.Kb1 Be6 18.Rf1 Rd8 19.Bf2 Qb7 20.Nd5 Nxd5 21.exd5 Bf5+ 22.Ka1 Rc8
23.Nc3 Bg6 24.Rc1 f5 25.h4 O-O 26.g3 Bf7 27.hxg5 hxg5 28.Rcd1 b4 29.Na4 Bh5
30.Be3 e4 31.g4 fxg4 32.Rh1 Bg6 33.fxg4 Rf3 34.Rh6 Kf7 35.Nb6 Rf8 36.Nc4 Qd7
37.Bxg5 Rd3 38.Rf1+ Kg7 39.Bf6+ Rxf6 40.Rxf6 Bxf6  0-1

[Event "13th EICC"]
[Site "Plovdiv BUL"]
[Date "2012.03.23"]
[Round "4.15"]
[White "Bologan,V"]
[Black "Popov,Iv RUS"]
[Result "1-0"]
[WhiteElo "2687"]
[BlackElo "2605"]

1.e4 c5 2.Nf3 e6 3.d4 cxd4 4.Nxd4 Nf6 5.Nc3 Nc6 6.Ndb5 Bb4 7.a3 Bxc3+ 8.Nxc3 d5
9.exd5 Nxd5 10.Nxd5 exd5 11.Bd3 Qe7+ 12.Qe2 Qxe2+ 13.Bxe2 Bf5 14.Kd2 Rc8
15.Bd1 O-O 16.b3 Nd4 17.Bb2 Ne6 18.Rc1 f6 19.Re1 Kf7 20.h4 h6 21.Bh5+ g6
22.Bd1 h5 23.f3 g5 24.hxg5 Nxg5 25.Rh1 Rh8 26.Rh4 Ne6 27.Be2 Rhg8 28.Bf1 Bg6
29.Bd4 b6 30.Bf2 Rc7 31.b4 Rgc8 32.c3 Rd8 33.Bd4 Rdc8 34.Ba6 Re8 35.Bb5 Rg8
36.Ba4 Bf5 37.Rg1 Nxd4 38.Rxd4 Be6 39.Bb5 Rg5 40.Be2 Ke7 41.Rh4 Kd6 42.Rf4 Ke7
43.Rd4 Rg8 44.Bd3 a5 45.Rh4 axb4 46.Rxb4 Rc6 47.Bb5 Rc5 48.Ba6 Rc6 49.a4 Kf7
50.Rh4 Rg5 51.g3 Rf5 52.Be2 Ke7 53.Rb4 Re5 54.Bb5 Rd6 55.Bd3 Rg5 56.Rh4 Bf7
57.Ke3 Rg8 58.Kd4 Re6 59.Rh2 Ra8 60.Ra2 Be8 61.Rga1 Ra5 62.f4 Bd7 63.Rh1 Be8
64.Bf5 Rd6 65.Re1+ Kd8 66.Rea1 Rc6 67.Bd3 Re6 68.Rb2 Rxa4+ 69.Rxa4 Bxa4 70.Kxd5 Re3
71.Kd4 Rxg3 72.Rxb6 Ke7 73.Rb7+ Kd8 74.Rf7 Bd7 75.Rxf6 h4 76.Be4 h3 77.Rh6 Bg4
78.c4 Bf3 79.Bf5 Bg2 80.Ke5 Kc7 81.Be6 Re3+ 82.Kf6 Kd6 83.Kf7 Kc5 84.f5 Bf1
85.Rh4 Kd6 86.Rh6 Kc5 87.f6 Kd6 88.Bd5 Rg3 89.Ke8 Kc7 90.Rh7+ Kd6 91.f7 Re3+
92.Kd8  1-0

[Event "13th EICC"]
[Site "Plovdiv BUL"]
[Date "2012.03.24"]
[Round "5.5"]
[White "Kuzubov,Y"]
[Black "Bologan,V"]
[Result "1-0"]
[WhiteElo "2615"]
[BlackElo "2687"]

1.Nf3 Nf6 2.c4 e6 3.g3 d5 4.Bg2 Be7 5.O-O O-O 6.d4 dxc4 7.Qc2 a6 8.a4 Bd7
9.Qxc4 Bc6 10.Bf4 Bd6 11.Bg5 Nbd7 12.Nc3 h6 13.Bxf6 Nxf6 14.Rfd1 Qe7 15.Ne5 Bxg2
16.Kxg2 c5 17.Nd3 cxd4 18.Qxd4 e5 19.Qe3 Rac8 20.Ne4 Nxe4 21.Qxe4 f5 22.Qd5+ Kh8
23.Ne1 Rcd8 24.Nf3 e4 25.Nh4 Qf6 26.Qd4 Kh7 27.Qxf6 Rxf6 28.Rd5 Rdf8 29.Rad1 Bb4
30.Rd7 b6 31.Kf1 f4 32.g4 f3 33.Nf5 R8f7 34.exf3 exf3 35.Rxf7 Rxf7 36.Rd3 h5
37.h3 hxg4 38.hxg4 Kg6 39.Nh4+ Kg5 40.Nxf3+ Kf4 41.Kg2 Re7 42.Nd4 Bc5 43.b4 Bxb4
44.Rf3+ Kg5 45.Rf5+ Kg6 46.Nc6 Re4 47.Kf3 Re1 48.Nxb4 Ra1 49.Nd5 Ra3+ 50.Kg2  1-0

[Event "13th EICC"]
[Site "Plovdiv BUL"]
[Date "2012.03.25"]
[Round "6.23"]
[White "Lupulescu,C"]
[Black "Bologan,V"]
[Result "0-1"]
[WhiteElo "2616"]
[BlackElo "2687"]

1.d4 d5 2.c4 c6 3.Nf3 Nf6 4.e3 Bf5 5.Nc3 a6 6.Qb3 b5 7.c5 a5 8.Ne5 a4 9.Qd1 g6
10.g4 Be6 11.Bg2 Bg7 12.f4 Qc8 13.h3 h5 14.g5 Nfd7 15.Nf3 Na6 16.a3 O-O 17.Ne2 Re8
18.O-O Ndxc5 19.dxc5 Bxh3 20.Bxh3 Qxh3 21.Qc2 e5 22.fxe5 Bxe5 23.Bd2 Bg3
24.Be1 Bc7 25.Nf4 Qg4+ 26.Qg2 Qd7 27.Nd3 Rxe3 28.Rd1 Rae8 29.Bg3 Bxg3 30.Qxg3 Qf5
31.Qf4 Qxf4 32.Nxf4 Nxc5 33.Rc1 Ne6 34.Ng2 Rb3 35.Rxc6 Rxb2 36.Rd6 Ra2 37.Ne3 Rxa3
38.Nxd5 Kg7 39.Nf6 Re7 40.Kf2 Rc3 41.Rb6 Rc5 42.Ne4 Rf5 43.Nd6 Rf4 44.Re1 b4
45.Kg3 a3 46.Ra6 b3 47.Nd2 Rd4 48.Nf3 Rd3 49.Nc4 a2 50.Kf2 Rxf3+ 51.Kxf3 Nd4+  0-1

[Event "13th EICC"]
[Site "Plovdiv BUL"]
[Date "2012.03.29"]
[Round "9.18"]
[White "Bologan,V"]
[Black "Mchedlishvili,M"]
[Result "1-0"]
[WhiteElo "2687"]
[BlackElo "2626"]

1.e4 c6 2.Nf3 d5 3.Nc3 Nf6 4.e5 Ne4 5.h3 e6 6.d4 c5 7.Bd3 Nxc3 8.bxc3 c4
9.Be2 Be7 10.h4 Nc6 11.h5 h6 12.g3 Qa5 13.Qd2 Bd7 14.Nh4 O-O-O 15.a4 Rdg8
16.Bg4 Bg5 17.f4 Be7 18.Kf2 g5 19.hxg6 fxg6 20.Nf3 Qd8 21.Qe2 Qf8 22.Kg2 Nd8
23.a5 Nf7 24.Rf1 Qg7 25.Nd2 h5 26.Bf3 g5 27.Nxc4 g4 28.Bxd5 exd5 29.Nb6+ axb6
30.axb6 Kd8 31.Ra8+ Bc8 32.Qb5 Nd6 33.Qxd5 Qf7 34.Qc5 Bf8 35.f5 Qd7 36.e6 Qc6+
37.Qxc6 bxc6 38.f6 Rh7 39.f7 Rg6 40.Ba3 Rxe6 41.Bxd6  1-0

[Event "World Blitz Final"]
[Site "Astana KAZ"]
[Date "2012.07.10"]
[Round "24"]
[White "Bologan,V"]
[Black "Svidler,P"]
[Result "0-1"]
[WhiteElo "2732"]
[BlackElo "2749"]

1.e4 c5 2.Nf3 e6 3.d3 Nc6 4.g3 Nf6 5.Bg2 g6 6.O-O Bg7 7.c3 O-O 8.Qe2 a5 9.a4 b6
10.Na3 Ba6 11.Re1 d6 12.Nb5 Na7 13.Na3 Rc8 14.Qc2 Nd7 15.Bg5 Qc7 16.Nd2 h6
17.Be3 Ne5 18.Ndc4 Nec6 19.Bf4 Rfd8 20.Qc1 g5 21.Bd2 d5 22.exd5 exd5 23.Ne3 Ne7
24.Qc2 d4 25.Nec4 Ng6 26.Re2 Bb7 27.Bxb7 Qxb7 28.Rae1 Rc6 29.Qb3 Qc7 30.Nb5 Nxb5
31.axb5 Rf6 32.cxd4 Rxd4 33.Qc2 Rd8 34.Bc3 Rf3 35.Re8+ Kh7 36.Bxg7 Kxg7 37.Qc3+ Rd4
38.R8e3 Rf6 39.Nd2 Qd7 40.Nf3 Rd5 41.Kg2 Rf5 42.R1e2 Qb7 43.d4 cxd4 44.Qxd4 Rxf3
45.Kg1 Rf5  0-1

[Event "13th Karpov GM"]
[Site "Poikovsky RUS"]
[Date "2012.10.07"]
[Round "9"]
[White "Bologan,V"]
[Black "Short,N"]
[Result "1/2-1/2"]
[WhiteElo "2712"]
[BlackElo "2698"]

1.e4 e6 2.d4 d5 3.Nc3 Nf6 4.e5 Nfd7 5.f4 c5 6.Nf3 Nc6 7.Be3 Be7 8.Qd2 O-O
9.Bd3 f5 10.exf6 Bxf6 11.Bb5 cxd4 12.Nxd4 Nxd4 13.Bxd4 Nb6 14.O-O-O Bd7 15.Qe3 Rc8
16.Rhe1 Rxc3 17.Qxc3 Bxb5 18.Rxe6 Bxd4 19.Qxd4 Bd7 20.Re5 Bf5 21.g4 Bg6 22.a4 Qc7
23.f5 Rc8 24.Re2 Bf7 25.Rd3 Qd8 26.b3 Nd7 27.Kb2 a5 28.Rde3 Nb8 29.Qf4 d4
30.Rh3 Nc6 31.g5 Nb4 32.Rd2 d3 33.c4 h6 34.f6 Rc6 35.fxg7 hxg5 36.Rg2 Kxg7
37.Rxg5+ Bg6 38.Rg2 Qf6+ 39.Qxf6+ Rxf6 40.Re3 b6 41.h4 Kh6 42.h5 Bh7 43.Re8 Na6
44.Rh8 Nc5 45.Rg6+ Rxg6 46.hxg6 Kxg6 47.Kc3 d2 48.Kxd2 Nxb3+ 49.Ke3 Nc5 50.Rb8 Nxa4
51.c5 bxc5 52.Rb5 Bg8 53.Rxa5 Bb3 54.Kd3 c4+ 55.Kd4 Nb2 56.Rb5 Nd1 57.Rb4 Kf5
58.Rxc4 Bxc4 59.Kxc4  1/2-1/2

[Event "SportAccord Rapid Men 2012"]
[Site "Beijing CHN"]
[Date "2012.12.14"]
[Round "2.8"]
[White "Ivanchuk,V"]
[Black "Bologan,V"]
[Result "0-1"]
[WhiteElo "2766"]
[BlackElo "2681"]

1.e4 d6 2.g3 Nf6 3.Bg2 h5 4.h3 e5 5.Ne2 h4 6.g4 g5 7.d4 Nh7 8.Be3 Be7 9.Nbc3 c6
10.Qd2 Nd7 11.Nc1 Nhf8 12.Nb3 Ng6 13.O-O-O a6 14.f3 b5 15.Qf2 Qc7 16.Bf1 Bb7
17.a3 Rd8 18.Rh2 f6 19.Qg1 O-O 20.Rhd2 a5 21.Kb1 b4 22.axb4 axb4 23.Na2 Ra8
24.Nxb4 exd4 25.Rxd4 Nde5 26.Qf2 c5 27.Nd5 Bxd5 28.Rxd5 Rfb8 29.Bd2 c4 30.Nd4 c3
31.Bxc3 Qxc3 32.Bb5 Qa5 33.c4 Nxc4  0-1

[Event "SportAccord Rapid Men 2012"]
[Site "Beijing CHN"]
[Date "2012.12.14"]
[Round "3.3"]
[White "Bologan,V"]
[Black "Aronian,L"]
[Result "1/2-1/2"]
[WhiteElo "2681"]
[BlackElo "2815"]

1.e4 e5 2.Nf3 Nc6 3.Bb5 Nf6 4.O-O Nxe4 5.d4 Nd6 6.Bxc6 dxc6 7.dxe5 Nf5 8.Qxd8+ Kxd8
9.Rd1+ Ke8 10.Nc3 Ne7 11.h3 Ng6 12.b3 Be7 13.Bb2 h5 14.Ne4 h4 15.Re1 Kf8
16.Rad1 Bf5 17.Nd4 Bxe4 18.Rxe4 Rd8 19.Rde1 Rh5 20.Kf1 Kg8 21.Nf3 Nf8 22.Rd4 Rc8
23.Rdd1 a6 24.Re4 Ne6 25.Ke2 c5 26.Nh2 Kf8 27.Nf3 Ke8 28.Bc1 b5 29.Be3 Rd8
30.Ra1 Kd7 31.a4 Kc6 32.c4 b4 33.Rd1 Rxd1 34.Kxd1 Kd7 35.Ne1 Bg5 36.f4 Be7
37.Nd3 Kc6 38.Bf2 g6 39.Ke2 Rh8 40.Ne1 Ng7 41.Re3 Ne6 42.Rf3 Rh5 43.Be3 Bf8
44.Nd3 Be7 45.Rf1 Ng7 46.Nf2 f6 47.Nd3 Ne6 48.Re1 f5 49.Rf1 Kd7 50.Ne1 a5
51.Nf3 Ke8 52.Rd1 Rh7 53.Kf2 Rh5 54.Ke2 Rh7 55.Kf2 Rh5 56.Ke2 Rh7 57.Kf2  1/2-1/2

[Event "SportAccord Rapid Men 2012"]
[Site "Beijing CHN"]
[Date "2012.12.15"]
[Round "7.7"]
[White "Jobava,Ba"]
[Black "Bologan,V"]
[Result "1-0"]
[WhiteElo "2711"]
[BlackElo "2681"]

1.b3 e5 2.Bb2 d6 3.e3 c5 4.Ne2 Nf6 5.Nbc3 Be7 6.d4 cxd4 7.exd4 O-O 8.Qd2 Nc6
9.d5 Nb4 10.a3 Na6 11.O-O-O Ng4 12.Qe1 Qb6 13.Ne4 f5 14.h3 fxe4 15.hxg4 Bg5+
16.Kb1 Qxf2 17.Ng3 Qxe1 18.Rxe1 Bd2 19.Rxe4 Nc5 20.b4 Na4 21.Bd3 Bc3 22.Rc4 e4
23.Bxe4 Bxb2 24.Bxh7+ Kf7 25.Rf1+ Ke7 26.Re4+ Be5 27.Rxe5+ dxe5 28.d6+ Kxd6
29.Rxf8 Nb6 30.Ne4+ Ke7 31.Rg8 Kf7 32.g5 g6 33.Nd6+ Ke7 34.Nxc8+ Rxc8 35.Rxc8 Nxc8
36.Bxg6 Nd6 37.Kc1 Ke6 38.Kd2 e4 39.a4 Ke5 40.Bh5 Nc4+ 41.Ke2 Nb6 42.g6 Kf6
43.Ke3 Nxa4 44.Kxe4 b6 45.Kd4 a5 46.Kc4 axb4 47.Kxb4 Nc5 48.Kb5 Nd7 49.Bg4  1-0